000 00225 a2200097 4500
001 90186
082 _a158.121 BUR
090 _c42526
_d42526
245 _aWhat do you think
260 _aNew zealand
_bLangen Scheiding
_c1999
942 _aNUST-CAE
_k158.121 BUR
999 _c325259
_d325259